000 00611nam a22002297a 4500
003 UA-OsUOA
001 84700
007 ta
008 20120607b un ||||| |||| 00| 0 ukr d
100 _aВусатий С.
090 _a821.161.2
_bВ89
942 _cBK
040 _aUA-OsUOA
_bukr
_cUA-OsUOA
_dUA-OsUOA
245 _aЕміграція в поході
_bгуморески
300 _a191 с.
955 _a3
041 _aukr
080 _a821.161.2
260 _aБуенос-Айрес
_c1958
650 7 _a82 Література. Літературознавство
_2UDC
999 _c371019
_d371019